03283cam a2200421 4500001001300000003000400013005001700017008004100034010001700075040001800092050001600110110006100126245026400187246003900451246002100490260005200511300006100563490005800624500034900682500015101031500008301182500003901265510005801304500017101362500033401533500020401867500003802071500010702109500008002216500019502296651004402491651004602535700005402581700004702635700004202682700005402724830008302778rc 01000182 DLC20260227111859.0730201s1848 dcubf 000 0 eng  arc 01000182  aDLCcDLCdDLC00aF786b.U5711 aUnited States.bArmy.bCorps of Topographical Engineers.10aNotes of a military reconnoissance, from Fort Leavenworth, in Missouri, to San Diego, in California, including part of the Arkansas, Del Norte, and Gila rivers.cBy Lieut. Col. W.H. Emory. made in 1846-7, with the advanced guard of the "Army of the "West" ...3 aNotes of a military reconnaissance17aEx. Doc. No. 41. aWashington,bWendell and Van Benthuysen,c1848. a614 p.bill., facsims., plates, [2] folded maps.c23 cm.1 aThirtieth Congress, First Session. Ex. Doc. ;vno. 41 a"February 9, 1848: Ordered to be printed. February 17, 1848: Ordered that 10,000 extra copies of each of the Reports of Lieutenant Emory, Captain Cooke, and Lieutenant Abert be printed for the use of the House; and that of said number, 250 copies be furnished for the use of Lieutenant Emory, Captain Cooke, and Lieutenant Abert, respectively." aPublished also, without the reports of J.W. Abert and P.St.G. Cooke, and the journal of A.R. Johnston, as Senate Ex. doc. 7, 30th Cong., 1st sess. aWagner-Camp describes illustrations as "64 plates, 3 plans, and 2 small maps." aPage 454 incorrectly numbered 754.4 aWagner-Camp,citem 148 (House of Representatives ed.) a"Report of Lieut. J.W. Abert, of his examination of New Mexico, in the years 1846-'47 [including Notes on the minerals and fossils ... by J.W. Bailey]": p. [417]-548. a"Report of Lieut. Col. P. St. George Cooke of his march from Santa Fé, New Mexico, to San Diego, Upper California": p. [549-563]. Preceded by: Map of the Territory of New Mexico made by order of Brig. Gen. S.W. Kearny, under instructions from Lieut. W.H. Emory, U.S.T.E. by Lieut's J.W. Abert and W.G. Peck ... 1846-7 (68 cm.). a"Journal of Captain A.R. Johnston, First dragoons": p. [565]-614. Preceded by: Sketch of part of the march & wagon road of Lt. Colonel Cooke, from Santa Fe to the Pacific Ocean, 1846-7 (32 x 61 cm.). aLC Copy 1 lacks folded maps.5DLC aLC Copy 3 bound in contemporary brown cloth with ribbed embossing and spine title on paper label.5DLC aLC Copy 4 has book label and stamp of the Department of State Library.5DLC aLC Copy 5 bound in contemporary brown cloth embossed with diamond pattern. All after p. 416 (additional reports of Abert, Cooke and Johnston) wanting. Folded maps and 32 plates wanting.5DLC 0aSouthwest, NewxDescription and travel. 0aUnited StatesxDiscovery and exploration.1 aEmory, William H.q(William Hemsley),d1811-1887.1 aAbert, J. W.q(James William),d1820-1897.1 aCooke, Philip St. George,d1809-1895.1 aJohnston, A. R.q(Abraham Robinson),d1815?-1846. 0aEx. doc. (United States. Congress. House)v30th Congress, 1st session, no. 41.